00883pam a2200205 a 4500008004100000020002200041050001800063100002300081245003900104250008800143260015900231300002100390500014400411650003000555700002400585710004100609003000100650005001700651040000900668  a0582019052 (hbk.)00aREF HA17bMAR1 aMarriott, F. H. C.12aA dictionary of statistical terms. a5th ed. /bprepared for the International Statistical Institute by F.H.C. Marriott. aBurnt Mill, Harlow, Essex, England :bPublished for the International Statistical Institute by Longman Scientific & Technical ;aNew York ;bWiley,c1990. a223 p. ;c25 cm. aRev. ed. of: A dictionary of statistical terms / prepared ... by Sir Maurice G. Kendall & William R. Buckland. 4th ed., rev. and enl. 1982. 0aStatisticsxDictionaries.1 aKendall, Maurice G.2 aInternational Statistical Institute.20230120191427.0 cNUST